Чалай Васлийын, Миклай Рыбаковын, Алексей Эрыканын лумгечышт (Запись № 9554945)

Подробности
000 -МАРКЕР
контрольное поле 01649nam0a2200313 4500
001 - ИДЕНТИФИКАТОР ЗАПИСИ
контрольное поле RU\NLR\ONL1\14492
005 - ИДЕНТИФИКАТОР ВЕРСИИ
контрольное поле 20260406072421.0
035 ## - ДРУГИЕ СИСТЕМНЫЕ НОМЕРА
Идентификатор записи (NLR Aleph) 009643233
100 ## - ДАННЫЕ ОБЩЕЙ ОБРАБОТКИ
Данные общей обработки 20090613d2007 |||y0rusy50 ca
101 0# - ЯЗЫК РЕСУРСА
Язык текста, звукозаписи и т.д. марийский
102 ## - СТРАНА ПУБЛИКАЦИИ ИЛИ ПРОИЗВОДСТВА
Страна публикации Российская Федерация
105 ## - ПОЛЕ КОДИРОВАННЫХ ДАННЫХ: ТЕКСТОВЫЕ МАТЕРИАЛЫ, МОНОГРАФИЧЕСКИЕ
Кодированные данные о монографическом текстовом документе y |||||||||
200 1# - ЗАГЛАВИЕ И СВЕДЕНИЯ ОБ ОТВЕТСТВЕННОСТИ
Основное заглавие Чалай Васлийын, Миклай Рыбаковын, Алексей Эрыканын лумгечышт
Сведения, относящиеся к заглавию [метод.-библиогр. темлимаш]
Первые сведения об ответственности С. Г. Чавайн лумеш кугыжаныш книга порт, Шанче да методика полка
Последующие сведения об ответственности [В. В. Пирогова ямдылен]
210 ## - ПУБЛИКАЦИЯ, РАСПРОСТРАНЕНИЕ И ДР.
Место издания, распространения и т.д. Йошкар-Ола
Имя издателя, распространителя и т. д. Нац. б-ка
Дата издания, распространения и т.д. 2007
215 ## - ФИЗИЧЕСКАЯ ХАРАКТЕРИСТИКА
Специфическое обозначение материала и объем 46 с.
Размеры 20
541 1# - ПЕРЕВОД ЗАГЛАВИЯ, СДЕЛАННЫЙ КАТАЛОГИЗАТОРОМ
Заглавие [К юбилеям Чалая Васлия, Миклая Рыбакова, Алексея Эрыкана
Сведения, относящиеся к заглавию методико-библиогр. материалы]
Язык заглавия русский
606 0# - НАИМЕНОВАНИЕ ТЕМЫ КАК ПРЕДМЕТ
Наименование темы Марийская литература
Тематический подзаголовок История
Системный номер авторитетной/нормативной записи 1531661
Идентификатор авторитетной/нормативной записи RU\NLR\auth\66667007
686 1# - ИНДЕКСЫ ДРУГИХ КЛАССИФИКАЦИЙ
Индекс Ш5(2=Мар)7-3 я1
686 1# - ИНДЕКСЫ ДРУГИХ КЛАССИФИКАЦИЙ
Индекс Я19
Книжный номер Ш5(2=Мар)7-3
702 #1 - ИМЯ ЛИЦА - ВТОРИЧНАЯ ОТВЕТСТВЕННОСТЬ
Код отношения Прочие
Графика поля Кириллица
Материалы, к которым относится поле rus
Начальный элемент ввода Чалай
Часть имени, кроме начального элемента ввода В.
Дополнения к именам, кроме дат мар. писатель
Даты 1917-1979
Расширение инициалов личного имени Василий
Системный номер авторитетной/нормативной записи 130196
Идентификатор авторитетной/нормативной записи RU\NLR\auth-onl\77136
702 #1 - ИМЯ ЛИЦА - ВТОРИЧНАЯ ОТВЕТСТВЕННОСТЬ
Код отношения Прочие
Графика поля Кириллица
Материалы, к которым относится поле rus
Начальный элемент ввода Рыбаков
Часть имени, кроме начального элемента ввода М.
Дополнения к именам, кроме дат мар. писатель
Даты 1932-
Расширение инициалов личного имени Миклай
Системный номер авторитетной/нормативной записи 130185
Идентификатор авторитетной/нормативной записи RU\NLR\auth-onl\77125
702 #1 - ИМЯ ЛИЦА - ВТОРИЧНАЯ ОТВЕТСТВЕННОСТЬ
Код отношения Прочие
Графика поля Кириллица
Материалы, к которым относится поле rus
Начальный элемент ввода Эрыкан
Часть имени, кроме начального элемента ввода А.
Дополнения к именам, кроме дат мар. писатель
Даты 1912-1957
Расширение инициалов личного имени Алексей
Системный номер авторитетной/нормативной записи 130202
Идентификатор авторитетной/нормативной записи RU\NLR\auth-onl\77142
702 #1 - ИМЯ ЛИЦА - ВТОРИЧНАЯ ОТВЕТСТВЕННОСТЬ
Начальный элемент ввода Пирогова
Часть имени, кроме начального элемента ввода В. В.
Код отношения Составитель
801 #0 - ИСТОЧНИК ЗАПИСИ
Страна Российская Федерация
Организация NLR
Дата составления 20090613
Правила каталогизации PSBO
852 ## - МЕСТОНАХОЖДЕНИЕ И ШИФР ХРАНЕНИЯ
Идентификатор организации NLR
Наименование фонда или коллекции (Sub-Location Identifier) ОНЛ
Шифр хранения (Call Number) Мар.л./2-2959
942 ## - ДОПОЛНИТЕЛЬНЫЕ ЭЛЕМЕНТЫ ЗАПИСИ (АБИС)
Тип экземпляра АБИС Книга
980 ## - КОЛЛЕКЦИЯ
Название коллекции Национальная библиография
Экземпляры
Тип экземпляра Дата поступления Библиотека постоянного хранения Библиотека текущего хранения Место хранения Шифр хранения Штрих-код Статус экземпляра
Книга 26.10.2013 РНБ (Московский) РНБ (Московский) Фонд национальных литератур Мар.л./2-2959 1-2418959